000 00523nam a2200193Ia 4500
003 OSt
005 20200914105927.0
008 190216s9999||||xx |||||||||||||| ||und||
020 _a9788121917056
040 _coclc
082 _a537
_bMUR/E
100 _aMurugeshan, R
_94330
245 0 _aElectricity And Magnetism /
_cR Murugeshan
250 _a2nd Ed.
260 _bSulthan Chand &co,
_c1998.
_aNew Delhi:
300 _a371p
650 _aPhysics
942 _cBK
_2ddc
_h537
_iMUR/E
_k537
_mMUR/E
999 _c33367
_d33367